Movies Quiz

Random Movies or Poem Quiz

Haiku Multiple Choice: Star Wars Quiz Stats

 Plays Quiz Updated Dec 13, 2017

Challenge
Share
Tweet
Embed
Score 0/16 Timer 05:00
45 Plays Today
Question Answer Wrong Answers
At nine hundred years
Look as good you will not, hmm?
Patience you must have.
Yoda
93.4%
Emperor Palpatine
1.3%
Jabba the Hutt
1.3%
Obi-Wan Kenobi
1.5%
Sweet, blissful silence
Mute button has quieted
'Me-sa' and 'You-sa'.
Jar Jar Binks
91.3%
Salacious Crumb
1.3%
Nute Gunray
1.2%
General Grievous
1.3%
Like a summer storm
Rage thunders forth with The Force
From an angsty youth.
Kylo Ren
87.9%
Poe Dameron
2.6%
Mace Windu
3.2%
General Hux
1.7%
Swifter than the wind
A journey made to Kessel
Under twelve parsecs.
Millennium Falcon
87.6%
X-Wing
3.2%
AT-AT
1.3%
TIE Fighter
1.9%
Love, a fickle thing
When professed to my suitor
I was told, 'I know.'
Leia Organa
85.6%
Padmé Amidala
6.2%
Anakin Skywalker
5.4%
Finn
1.8%
Hail the shining God.
Ewoks bow before his grace
and revere his tales.
C-3PO
85.5%
Luke Skywalker
2.7%
Chewbacca
6.6%
Wicket W. Warrick
3.5%
Snowflakes fall gently
Into the wampa's warm fur
Obscuring bloodstains.
Hoth
83.1%
Dagobah
5.2%
Dantooine
3.8%
Bespin
1.7%
Never remembered
Are his deeds of bravery.
Only, 'It's a trap!'
Admiral Ackbar
82.9%
Han Solo
6.2%
Wedge Antilles
2.4%
Jek Porkins
1.2%
Should one fret about
Whether or not he shot first
If he missed and died?
Greedo
82.4%
Boba Fett
5.8%
Nute Gunray
3.1%
Darth Maul
4.6%
All we are is dust.
Dust blowing in the space wind.
Thanks a lot, Death Star.
Alderaan
80.6%
Naboo
4%
Tatooine
9.3%
Coruscant
2.6%
Silently falling
Like a teardrop into clouds
Is Luke's severed hand.
Episode V: The Empire Strikes Back
80.4%
Episode VI: Return of the Jedi
7%
Episode IV: A New Hope
3.7%
Episode VII: The Force Awakens
2.2%
Like an autumn leaf
Flutters briefly, then settles
In the sarlacc's mouth.
Boba Fett
75.9%
Jabba the Hutt
10.2%
Jerjerrod
6.9%
Nien Nunb
6.5%
Sublime oasis
Or a wretched hive of scum?
Clearly the latter.
Mos Eisley
72.1%
Cloud City
13.4%
Anchorhead
2.8%
Yavin 4
5.9%
Loyal to Jabba
Exquisite head tentacles
Dae wonna wonga.
Bib Fortuna
67.6%
Boba Fett
7.8%
Wilhuff Tarkin
7.2%
Boushh
11%
Rising from ashes
A suave phoenix in a cape.
Betrayal redeemed.
Lando Calrissian
67%
Qui-Gon Jinn
10%
Count Dooku
14.5%
Wilhuff Tarkin
3.1%
An alien beast
Or elephant in a wig?
We may never know.
Bantha
58.5%
Rancor
12.6%
Tauntaun
14.5%
Dewback
8%

You're not logged in!

Compare scores with friends on all Sporcle quizzes.
OR
Log In

You Might Also Like...

Show Comments

Extras

Top Quizzes Today


Score Distribution

Your Account Isn't Verified!

In order to create a playlist on Sporcle, you need to verify the email address you used during registration. Go to your Sporcle Settings to finish the process.

Report this User

Report this user for behavior that violates our Community Guidelines.

Details: